Liderazgo para la empresa del siglo XXI (Registro nro. 414)

Detalles MARC
000 -Cabecera
Campo de control de longitud fija 01000aam a2200373 4500
005 - Fecha y hora de la última transacción
Campo de control 20250812140117.0
008 - Elementos de longitud fija--Información general
Campo de control de longitud fija 150730b2004 xxu||||| |||| 00| 0 spa d
020 ## - International Standard Book Number
Número Internacional Estándar del Libro (ISBN) 9968152617
041 ## - Idioma
Código de idioma Español
082 ## - Clasificación Decimal Dewey
Número de clasificación 658.409.2 L575l
100 ## - Entrada principal--Autor personal
Nombre personal Lenero González, José
9 (RLIN) 17474
245 ## - Título propiamente dicho
Título Liderazgo para la empresa del siglo XXI
260 ## - Pie de imprenta
Lugar de publicación, distribución, etc. México
260 ## - Pie de imprenta
Nombre del editor, distribuidor, etc. Norma
260 ## - Pie de imprenta
Fecha de publicación, distribución, etc. 2004
300 ## - Descripción física
Extensión 288 páginas
490 ## - Serie
Título de la Serie Dirección y Administración de Empresas
650 ## - Materia general
Temática (materia general) LIDERAZGO EJECUTIVO
650 ## - Materia general
Temática (materia general) SERVICIO AL CLIENTE
650 ## - Materia general
Temática (materia general) SISTEMA HUMANO
650 ## - Materia general
Temática (materia general) CAPITAL HUMANO
650 ## - Materia general
Temática (materia general) RECURSOS HUMANOS
650 ## - Materia general
Temática (materia general) CONTROL ESTADÍSTICO
650 ## - Materia general
Temática (materia general) LIDERAZGO
650 ## - Materia general
Temática (materia general) TÉCNICAS EMPRESARIALES
650 ## - Materia general
Temática (materia general) MANAGEMENT
650 ## - Materia general
Temática (materia general) TRABAJO EN EQUIPO
650 ## - Materia general
Temática (materia general) PLANEAMIENTO ESTRATÉGICO
650 ## - Materia general
Temática (materia general) MEJORAMIENTO CONTINUO
650 ## - Materia general
Temática (materia general) INNOVACIÓN
650 ## - Materia general
Temática (materia general) ESTRATEGIA
650 ## - Materia general
Temática (materia general) INNOVACIÓN OPORTUNA
942 ## - Punto de acceso adicional KOHA
Tipo de ítem KOHA Libro
Fuente del sistema de clasificación o colocación Dewey Decimal Classification
Existencias
Signatura completa Código de barras Programa Académico Tipo de ítem
658.409.2 L575l 2207 Dirección y Administración de Empresas Libro